The Geography of Tourism of Central and Eastern European Countries
Gespeichert in:
| Weitere Verfasser: | , |
|---|---|
| Format: | Buch |
| Sprache: | Englisch |
| Veröffentlicht: |
Cham
Springer
2017
|
| Ausgabe: | 2nd Edition |
| Schlagworte: | |
| Tags: |
Keine Tags, Fügen Sie das erste Tag hinzu!
|
MARC
| LEADER | 00000nam a2200000 4500 | ||
|---|---|---|---|
| 001 | 0277185 | ||
| 005 | 20240221111517.7 | ||
| 020 | |a 978-3-319-42203-9 | ||
| 041 | 0 | |a eng | |
| 044 | |a CH | ||
| 245 | 1 | 0 | |a The Geography of Tourism of Central and Eastern European Countries |c Editors: Krzysztof Widawski, Jerzy Wyrzykowski |
| 250 | |a 2nd Edition | ||
| 264 | 1 | |a Cham |b Springer |c 2017 | |
| 300 | |a 551 s. | ||
| 610 | 2 | 0 | |a ruch cestovný |
| 610 | 2 | 0 | |a turistika |
| 610 | 2 | 0 | |a regióny |
| 610 | 2 | 0 | |a geografia |
| 610 | 2 | 0 | |a sprievodcovia |
| 610 | 2 | 0 | |a stredná Európa |
| 610 | 2 | 0 | |a východná Európa |
| 700 | 1 | |a Widawski, Krzysztof | |
| 700 | 1 | |a Wyrzykowski, Jerzy | |